Educación democrática; tercer curso /

Guardado en:
Autor Principal: Herviu, Pedro
Formato: Libro
Publicado: Argentina : Troquel, 1969
Edición:11a. ed.
Materias:
Etiquetas: Agregar Etiqueta
Sin Etiquetas, Sea el primero en etiquetar este registro!
LEADER 00637nam a22002175a 4500
001 CEM.cems003242
005 19000101000000.0
008 130507s1969##################000#0#####d
003 CEMS
082 0 4 |a 320 
100 1 |a Herviu, Pedro 
245 1 0 |a Educación democrática; tercer curso /  |c Pedro Herviu 
250 |a 11a. ed. 
260 |a Argentina :  |b Troquel,  |c 1969 
300 |a 171 p. 
653 |a Argentina-constitucion 
653 |a Democracia 
653 |a Educacion civica-enseñanza sec 
653 |a Historia argentina 
653 |a Historia argentina-democracia 
859 |a CEMS  |b BIB. CEMS - 11 de abril  |h 320  |i H446a11/3  |p 10329.81  |t Ej.1